International Finance: Theory and Policy (Record no. 43354)
[ view plain ]
| 000 -LEADER | |
|---|---|
| fixed length control field | 00478nam a22001817a 4500 |
| 005 - DATE AND TIME OF LATEST TRANSACTION | |
| control field | 20250324120349.0 |
| 008 - FIXED-LENGTH DATA ELEMENTS--GENERAL INFORMATION | |
| fixed length control field | 250324b |||||||| |||| 00| 0 eng d |
| 020 ## - INTERNATIONAL STANDARD BOOK NUMBER | |
| International Standard Book Number | 9781787151512 |
| 041 ## - LANGUAGE CODE | |
| Language code of text/sound track or separate title | Eng |
| 082 ## - DEWEY DECIMAL CLASSIFICATION NUMBER | |
| Classification number | 332.042 COX |
| 100 ## - MAIN ENTRY--PERSONAL NAME | |
| Author | Cox, Sarah |
| 245 ## - TITLE STATEMENT | |
| Title | International Finance: Theory and Policy |
| 260 ## - PUBLICATION, DISTRIBUTION, ETC. | |
| Place | UK |
| Publisher | Kruger Brentt Publisher Uk. Ltd |
| Publication Year | 2023 |
| 300 ## - PHYSICAL DESCRIPTION | |
| Extent | 370;. P. 24 cm |
| 650 ## - SUBJECT ADDED ENTRY--TOPICAL TERM | |
| Subject | International Finance |
| 700 ## - ADDED ENTRY--PERSONAL NAME | |
| Co-Author | Allen, Albert |
| 942 ## - ADDED ENTRY ELEMENTS (KOHA) | |
| Koha item type | Books |
| Withdrawn status | Lost status | Source of classification or shelving scheme | Damaged status | Not for loan | Home library | Current library | Shelving location | Accession Date | Vendor | Price | Bill number | Full call number | Barcode No | Date last seen | Discount | Bill Date | Koha item type | Suggested By |
|---|---|---|---|---|---|---|---|---|---|---|---|---|---|---|---|---|---|---|
| Dewey Decimal Classification | IMTN | IMTN | Rack 9-A | 03/18/2025 | Raghav Books Private Limited | 9905.70 | 2374 | 332.042 COX | 33645 | 03/24/2025 | 33 | 02/14/2025 | Books | Dr. Gajavelli V S |